Les 30 villes les plus peuplées de Russie - Statistiques

Statistiques générales
  • Ce quiz a été pris 988 fois
  • Le résultat moyen est 12 sur 30
Statistiques - réponses
Réponse % Correct
1 Moscou
100%
2 Saint-Pétersbourg
97%
22 Vladivostok
73%
14 Volgograd
69%
6 Kazan
68%
5 Nijni Novgorod
68%
10 Rostov-sur-le-don
64%
7 Samara
52%
3 Novossibirsk
51%
9 Omsk
51%
13 Perm
50%
17 Krasnodar
46%
11 Oufa
44%
24 Irkoutsk
42%
8 Tcheliabinsk
40%
15 Voronej
36%
4 Iekaterinburg
34%
12 Krasnoïarsk
34%
16 Saratov
33%
23 Iaroslav
23%
18 Togliatti
21%
27 Khabarovsk
19%
20 Oulianovsk
19%
25 Tioumen
19%
29 Orenbourg
18%
21 Barnaoul
13%
19 Ijevsk
13%
30 Kemerovo
13%
26 Makhatchkala
12%
28 Novokouznetsk
8%
Aucun quiz correspondant
Distribution des résultats
% des personnes avec chaque résultat
Percentile par nombre de réponses
Votre historique - résultats
Vous n’avez pas pris ce quiz